00469 2200181 4500245005800000020002200058250001100080100002100091700000900112700002100121650001700142005001900159260004100178041001400219084001300233300003200246336000900278 aA. S. ( Animal Sense ) Vol. 2cMaekawa, TakhesihText a978-979-27-1964-2 aCet. 1 aMaekawa, Takhesi aSari aYenny Hendrawati aKomik Jepang a20230414120305 aJakartabElex Media Komputindoc2008 aIndonesia a741.5592 a... jil. :bilus. ;c17 cm. atext